Report of activities of the national advisory council on international monetary and financial problems

Spremljeno u:
Bibliografski detalji
Format: Knjiga
Jezik:Undetermined
Izdano: Washington Goverment Printing Office 1948
Teme:
Oznake: Dodaj oznaku
Bez oznaka, Budi prvi tko označuje ovaj zapis!
Thư viện lưu trữ: Trung tâm Học liệu Trường Đại học Cần Thơ
LEADER 00501nam a2200157Ia 4500
001 CTU_82277
008 210402s9999 xx 000 0 und d
082 |a 332.4 
082 |b R425 
245 0 |a Report of activities of the national advisory council on international monetary and financial problems 
260 |a Washington 
260 |b Goverment Printing Office 
260 |c 1948 
650 |a Financial,Monetary 
904 |i Trọng Hải 
980 |a Trung tâm Học liệu Trường Đại học Cần Thơ